000 01240cam a2200385 a 4500
999 _c1213
_d1213
001 1832109
003 ALUPE UNIVERSITY
005 20210624094702.0
008 921218s1993 caua b 001 0 eng
010 _a 92045736
020 _a0805318801
020 _a0805318879 (class notes)
020 _a080531881X (student study guide)
035 _aocm27225101
040 _aDLC
_beng
_cDLC
_dDLC
_dACAL
050 0 0 _aQH308.2
_b.C34 1993
082 0 0 _a574
_220
090 0 _aQH 308.2 C34 1993
_bAEU
090 0 _aQH 308.2 C34 1993
_bAEC
090 _a574 CAM 1993
_bAFMK
100 1 _aCampbell, Neil A.,
_d1946-2004.
245 1 0 _aBiology /
_cNeil A. Campbell.
250 _a3rd ed.
260 _aRedwood City, CA :
_bBenjamin/Cummings,
_cc1993.
300 _axxx, 1190, [76] p. :
_bill. (some col.) ;
_c29 cm.
336 _atext
_btxt
_2rdacontent
337 _aunmediated
_bn
_2rdamedia
338 _avolume
_bnc
_2rdacarrier
490 1 _aBenjamin/Cummings series in the life sciences
500 _aAccompanied by Class notes and Student study guide.
504 _aIncludes bibliographical references and index.
650 0 _aBiology.
830 0 _aBenjamin/Cummings series in the life sciences.
942 _2lcc
_cBK
_nDO